00618nam a2200205Ia 450000500170000000800410001704000190005804100120007708200200008910000170010924500700012626000180019630000110021465000200022570000260024585000100027194200070028199900170028895201070030520230515120340.0131103s9999 xx 000 0 und d aLoreto College aEnglish a823.91bJOY-BUR aJoyce, James 2aA shorter finnegans wakecJames Joyce; Edited by Anthony Burgess aLondonbFaber a278p.  aEnglish fiction aBurgess, Anthony; ed. aLCLIB cBK c22613d73092 00102ddc4070aMAINbMAINd2013-11-04l0o823.91 JOY-BUR 19926pB25033r2013-11-04w2013-11-04yBKf